| 000 | 00709cam a22002291 4500 | ||
|---|---|---|---|
| 001 | ca 35000773 | ||
| 003 | DLC | ||
| 005 | 20260227111138.0 | ||
| 008 | 790828s1929 mau 000 0 eng | ||
| 010 | _aca 35000773 | ||
| 035 | _a(OCoLC)5318720 | ||
| 040 |
_aDLC _cRPB _dDLC |
||
| 042 | _apremarc | ||
| 050 | 0 | 0 |
_aPN4305.M6 _bF732 |
| 082 | _a815.5 | ||
| 100 | 1 | _aFortenbacher, Olive White. | |
| 245 | 1 | 0 |
_aOn the 7:50 express, _ba contest selection, arranged from Mr. Edwin Balmer's story of the same name, _cby Olive White Fortenbacher. |
| 260 |
_aBoston, _bWalter H. Baker Company _c[c1929] |
||
| 300 |
_a7 p. _c20 cm. |
||
| 440 | 0 | _aBaker's manuscript readings | |
| 700 | 1 |
_aBalmer, Edwin, _d1883-1959. |
|
| 999 |
_c17893 _d17893 |
||